New Sports at the 2028 Olympics - Statistics

General Stats
  • This quiz has been taken 54 times
  • The average score is 5 of 6
Answer Stats
Hint Answer % Correct
Two teams of nine players, using a bat and a ball. Baseball
98%
Similar to the above, you throw the ball underhand. Softball
90%
The longest game can go up to 5 days. Cricket
80%
Played with a racket and a ball in a small-spaced room. Squash
78%
American football with no contact. Flag football
61%
Similar to field hockey, but with contact. Lacrosse
57%
No matching quizzes found
Score Distribution
Percent of People with Each Score
Percentile by Number Answered
Your Score History
You have not taken this quiz